| 000 | 00821nam a2200205 i 4500 | ||
|---|---|---|---|
| 001 | 189989 | ||
| 003 | ES-MaACL | ||
| 005 | 20230906223618.0 | ||
| 008 | 200304s1971 sp |||| | spa d | ||
| 080 | _a336.21.032 | ||
| 100 | 1 |
_aBorrás Rodríguez, Alegría. _930561 |
|
| 245 | 1 | 3 |
_aLa doble imposición : _bproblemas jurídico-internacionales / _cpor Alegría Borrás Rodríguez. |
| 260 |
_aBarcelona : _b[Universidad, Facultad de Derecho], _c1971. |
||
| 300 |
_a15 p. ; _c24 cm. |
||
| 502 | _aTesis-Univ. Barcelona (Extracto) | ||
| 594 | _aPrecede al tít.: Universidad de Barcelona. Secretariado de Publicaciones, Intercambio Científico y Extensión Universitaria. | ||
| 650 | 4 |
_aDoble imposición. _9169818 |
|
| 710 | 2 |
_aUniversidad de Barcelona. _bFacultad de Derecho. _97147 |
|
| 852 | 4 |
_aES-MaACL _jP-1414-9 |
|
| 999 |
_c189989 _d189989 |
||